Opatrné oživenie slovenskej ekonomiky

Príspevok vykresľuje oživenie ekonomiky SR. Z pohľadu makroekonomických ukazovateľov nemožno očakávať výrazné zmeny vývoja HDP. Podľa jednotlivých zložiek HDP bude aj naďalej hrať významnú úlohu vonkajší dopyt a vývoj ekonomík u zahraničných partnerov SR. Opatrné oživenie podporuje aj nárast nezames...

Full description

Saved in:
Bibliographic Details
Main Author: Trnovský, Karol, 1983-
Format: Book Chapter
Language:Slovak
Subjects:
Tags: Add Tag
No Tags, Be the first to tag this record!

MARC

LEADER 00000nla a2200000 4500
001 0169804
005 20240502072937.1
041 0 |a slo 
044 |a SK 
245 1 0 |a Opatrné oživenie slovenskej ekonomiky  |c Karol Trnovský 
520 |a Príspevok vykresľuje oživenie ekonomiky SR. Z pohľadu makroekonomických ukazovateľov nemožno očakávať výrazné zmeny vývoja HDP. Podľa jednotlivých zložiek HDP bude aj naďalej hrať významnú úlohu vonkajší dopyt a vývoj ekonomík u zahraničných partnerov SR. Opatrné oživenie podporuje aj nárast nezamestnanosti, či bilancia príjmov a výdavkov vo verejnom sektore. 
610 2 0 |a hospodárstvo národné 
610 2 0 |a Slovensko 
610 2 0 |a oživenie 
610 2 0 |a rast hospodársky 
610 2 0 |a výkonnosť ekonomiky 
610 2 0 |a produkt domáci hrubý 
610 2 0 |a nezamestnanosť 
100 1 |a Trnovský, Karol, 1983-